Countries with Highest per capita Prison Population - Statistics

General Stats
  • This quiz has been taken 195 times
    122 since last reset
  • The average score is 13 of 25
Answer Stats
Rank Area Incarceration Rate Answer % Correct
5 North America 531 United States of America
99%
2 North America 794 Cuba
82%
1 North America 1086 El Salvador
82%
22 Europe 300 Russia
75%
11 South America 389 Brazil
74%
17 North America 332 Nicaragua
72%
6 North America 499 Panama
72%
21 North America 301 Costa Rica
67%
25 North America 289 Belize
64%
19 North America 316 Dominica
60%
8 North America 409 Bahamas
58%
16 North America 335 Grenada
48%
14 North America 347 Saint Vincent and the Grenadines
47%
23 North America 296 Saint Kitts and Nevis
46%
10 Asia 392 Turkey
45%
15 Europe 345 Belarus
42%
12 Asia 377 Thailand
42%
9 South America 408 Uruguay
42%
7 Oceania 428 Palau
31%
3 Africa 621 Rwanda
25%
13 Africa 360 Seychelles
21%
18 Africa 318 Namibia
18%
4 Asia 576 Turkmenistan
18%
20 Asia 314 Maldives
14%
24 Africa 296 Cape Verde
12%
No matching quizzes found
Score Distribution
Percent of People with Each Score
Percentile by Number Answered
Your Score History
You have not taken this quiz since the last reset